000 00890cam a2200313 4500
001 ABS62848
008 000000n2000 000 0 eng u
035 _a(Sirsi) u108545
245 _aFocus 2000: Central London Boroughs
260 _c2000
490 _aEstates Gazette
_v(0036) 9 September 2000, 105-121(11)
590 _aABS
650 _aSOUTHWARK
650 _aLAMBETH
650 _aWANDSWORTH
650 _aHARINGEY
650 _aISLINGTON
650 _aGREENWICH
650 _aISLINGTON
650 _aHACKNEY
650 _aNEWHAM
650 _aTOWER HAMLETS
650 _aPROPERTY-COMMERCIAL PROPERTY-OFFICE PROPERTY-OFFICE PROPERTY MARKET
650 _aPROPERTY-COMMERCIAL PROPERTY-RETAIL PROPERTY-RETAIL PROPERTY MARKET
650 _aLONDON
650 _aDEVELOPMENT
690 _aPROPERTY-COMMERCIAL PROPERTY-COMMERCIAL PROPERTY MARKET
942 _n0
999 _c64813
_d64813